| 000 | 00796nam a22002297a 4500 | ||
|---|---|---|---|
| 999 |
_c9545 _d9545 |
||
| 008 | 180706b ||||| |||| 00| 0 eng d | ||
| 020 | _a978-1-305-86570-9 | ||
| 082 |
_22018 _aDC 616.891 _bC797 |
||
| 100 |
_928361 _aCorey, Marianne Schneider |
||
| 245 |
_aGroups : _bprocess and practice / _cMarianne Schneider Corey, Gerald Corey, Cindy Corey |
||
| 250 | _aTenth Edition | ||
| 260 |
_aAustralia: _bCengage Learning, _c©2018. |
||
| 300 |
_axxii, 442 pages: _billustrations; _c26 cm. |
||
| 500 | _aIncludes bibliographical references and index. | ||
| 650 | 0 |
_928362 _aGroup psychotherapy. |
|
| 650 | 0 |
_928363 _aGroup counseling. |
|
| 650 | 0 |
_928364 _aGroup relations training. |
|
| 700 |
_928365 _aGerald Corey |
||
| 700 |
_928367 _aCindy Corey |
||
| 365 |
_b7,918.20 _cPhp |
||
| 942 |
_2ddc _cDC |
||